| 000 | 00467nam a22001937a 4500 | ||
|---|---|---|---|
| 003 | OSt | ||
| 005 | 20170105103441.0 | ||
| 008 | 120424t xxu||||| |||| 00| 0 eng d | ||
| 020 | _a9780070667181 | ||
| 040 |
_aASAB _cASAB |
||
| 050 | _a576.16,FRA | ||
| 082 | _24 th | ||
| 100 |
_aWiliam C Frazier _9111 |
||
| 245 |
_aFood Microbiology _cWilliam C Frazier |
||
| 260 |
_aNew Delhi _bMc GrawHill |
||
| 300 | _a539 | ||
| 440 |
_aFood Microbiology _9112 |
||
| 942 |
_2ddc _cBK |
||
| 999 |
_c16461 _d16461 |
||